Rapper by State - Statistics

General Stats
  • This quiz has been taken 81 times
  • The average score is 6 of 25
Answers on the Map
Answers color-coded by a green-red scale on the quiz's map according to % correct below.
 
Answer Stats
Answer % Correct
Snoop Dogg
64%
Eminem
58%
Kanye West
47%
Nas
45%
Travis Scott
42%
Andre 3000
41%
Lil Wayne
38%
XXXTentacion
38%
J. Cole
34%
Macklemore
28%
GloRilla
23%
Freddie Gibbs
22%
Baby Keem
19%
Lil Uzi Vert
19%
Lauryn Hill
17%
Jack Harlow
16%
Logic
14%
Pusha T
13%
Trippie Redd
13%
YBN Nahmir
13%
Nelly
11%
Yung Gravy
11%
Yeat
9%
Swae Lee
8%
Joyner Lucas
6%
No matching quizzes found
Score Distribution
Percent of People with Each Score
Percentile by Number Answered
Your Score History
You have not taken this quiz